Optical Fiber and Lasers: (Record no. 13783)
[ view plain ]
| 000 -LEADER | |
|---|---|
| fixed length control field | 00743nam a22001937a 4500 |
| 008 - FIXED-LENGTH DATA ELEMENTS--GENERAL INFORMATION | |
| fixed length control field | 100325s2009 ii|||||r|||| 001 0 eng d |
| 020 ## - INTERNATIONAL STANDARD BOOK NUMBER | |
| International Standard Book Number | 9788122421392 |
| 082 ## - DEWEY DECIMAL CLASSIFICATION NUMBER | |
| Edition number | 22 |
| Classification number | 621.3692 |
| Item number | OPT |
| 100 ## - MAIN ENTRY--PERSONAL NAME | |
| 9 (RLIN) | 12895 |
| Personal name | Anuradha De |
| 245 ## - TITLE STATEMENT | |
| Title | Optical Fiber and Lasers: |
| Remainder of title | Principles and Applications/ |
| Statement of responsibility, etc | Anuradha De |
| 250 ## - EDITION STATEMENT | |
| Edition statement | 2nd ed. |
| 260 ## - PUBLICATION, DISTRIBUTION, ETC. (IMPRINT) | |
| Place of publication, distribution, etc | New Delhi: |
| Name of publisher, distributor, etc | New Age International, 2009 |
| Date of publication, distribution, etc | 2009 |
| 300 ## - PHYSICAL DESCRIPTION | |
| Extent | 315 p.: |
| Other physical details | ill.; |
| Dimensions | 24 cm. |
| 504 ## - BIBLIOGRAPHY, ETC. NOTE | |
| Bibliography, etc | Includes bibliographical references (p.291-293) and index |
| 650 ## - SUBJECT ADDED ENTRY--TOPICAL TERM | |
| 9 (RLIN) | 12240 |
| Topical term or geographic name as entry element | Fiber optics. |
| 650 ## - SUBJECT ADDED ENTRY--TOPICAL TERM | |
| 9 (RLIN) | 13120 |
| Topical term or geographic name as entry element | Optical fibers |
| 942 ## - ADDED ENTRY ELEMENTS (KOHA) | |
| Source of classification or shelving scheme | Dewey Decimal Classification |
| Item type | Book - Borrowing |
| Withdrawn status | Item status | Source of classification or shelving scheme | Damaged status | Not for loan | Vendor | Home library | Current library | Shelving location | Date acquired | Source of acquisition | Cost, normal purchase price | Serial Enumeration / chronology | Total Checkouts | Full call number | Barcode | Date last seen | Koha item type |
|---|---|---|---|---|---|---|---|---|---|---|---|---|---|---|---|---|---|
| Dewey Decimal Classification | Alahram | Central Library | Central Library | First floor | 25/03/2010 | 199.00 | 29 | 621.3692 OPT | 000020342 | 15/07/2025 | Book - Borrowing |